Statystyki dla Quiz wiedzy o Europie (Dla Geomexa)

Kliknij tutaj aby rozwiązać quiz!

Ogólne statystyki

  • Ten quiz został rozwiązany 70 razy
  • Średni wynik to 26 z 45

Statystyki odpowiedzi

WskazówkaPaństwo% Poprawnych
To państwo sracilo niepodległość na 123 lataPolska
100%
W lidze piłki nożnej tego państwa gra Real BetisHiszpania
81%
Stolicą tego państwa jest VaduzLiechtenstein
75%
Ma najdluższą linię brzegową w EuropieNorwegia
75%
W tym państwie jest wojnaUkraina
75%
Prezydentem tego państwa jest Władimir PutinRosja
74%
To państwo formalnie nie posiada stolicySzwajcaria
74%
Kolory flagi tego nordyckiego państwa to biało-niebieskieFinlandia
72%
To państwo najkrótszą granicę ma z PolskąLitwa
72%
Polska ma z tym państwem najdluższą granicęCzechy
70%
W Europejskiej części tego państwa jest najwieksze miasto EuropyTurcja
70%
To państwo graniczy z Hiszpanią i FrancjąAndora
68%
Stolicą tego państwa jest SarajewoBośnia i Hercegowina
68%
Dwa najwieksze miasta tego państwa to Amsterdam i RotterdamHolandia
68%
Władcą tego państwa jest papieżWatykan
68%
To państwo jest sojusznikiem RosjiBiałoruś
66%
Z tego państwa pochodzi Fernando SantosPortugalia
66%
To państwo ogłosiło swoją niepodległość w 2008 rokuKosowo
64%
Język tego państwa jest bardzo podobny do polskiegoSłowacja
64%
Flaga tego państwa ma podobną flagę do flagi NiemciecBelgia
62%
Z tego państwa pochodzi Oliver GiroudFrancja
62%
Jest to wyspiarskie państwo na południe od WłochMalta
62%
Regiony tego państwa to landyNiemcy
62%
To państwo graniczy z Włochami, Austrią, Chorwacją i WęgramiSłowenia
62%
Flaga tego państwa ma podobną flagę do flagi państwa Wybrzeża Kości SłoniowejIrlandia
60%
To państwo ma najwięcej wysp na ŚwiecieSzwecja
60%
To państwo było cesarstwem z AustriąWęgry
60%
To państwo jest nad Morzem Czarnym i graniczy z RumuniąBułgaria
58%
To państwo ma najkrótszą granicę z BiałorusiąŁotwa
58%
Na terytorium tego państwa jest nieuznawany teren NaddniestrzaMołdawia
57%
Częścią tego państwa jest GiblartarWielka Brytania
55%
To państwo otacza dwa inne państwaWłochy
55%
To państwo stosuje tą samą flagę najdłużej na świecieDania
53%
Flaga tego państwa ma kolory flagi HolandiiLuksemburg
53%
Do czasu końca II WŚ (2 wojny światowej) Mołdawia należała do tego państwaRumunia
53%
Na fladze tego państwa pisze "Libertas"San Marino
53%
Flaga tego państwa ma kolory niebiesko-czarno-białeEstonia
49%
Na fladze tego państwa jest słońceMacedonia Północna
45%
Stolicą największej Wyspy tego państwa jest HeraklionGrecja
43%
W stolicy tego państwa żyje większość populacji tego państwaIslandia
25%
To państwo niedawno obchodziło 17 urodzinyCzarnogóra
23%
Na fladze tego państwa jest księżycChorwacja
19%
W tym państwie używa się najwięcej IPhoneówMonako
15%
W tym państwie w geogessrze na niebie są riftyAlbania
13%
W tym państwie w geogessrze często trafia się stolice tego państwaAustria
13%

Rozkład punktacji

Percentyl według liczby udzielonych odpowiedzi

Procent ludzi z każdym wynikiem

Twoja historia wyników

Nie rozwiązałeś tego quizu